02181nam a2200157 4500008001000000020001800010082001500028100004300043245009100086260005300177300002900230505147600259650016101735999001501896952011201911708 C317d a9786079760564 a708bC317d aAréchiga Mantilla, Sol et al. 97140 aArchivos fuera de lugar:bDesbordes discursivos, expositivos y autorales del documento aMéxicobTaller de Ediciones Económicasc2019 a205 p.bil. c21 x 14 cm tIntroducciónrSol Henaro y Sofía Carrillo HerreríastEl archivo: memoria y olvido en los procesos de inscripción, represión y supresiónrRicardo Nerva tDocumentar el presente. Desbordes del arte contemporáneotArchivos digitales rDiana Taylor tWe Are What ArchiverAmy Roberts y Louise Barry, voluntarias en Interference Archive tArchivo, memoria e historia oral. Experiencias under de los ochentarDaniela Lucena y Gisela LaboureautGráfica y movilización estudiantil en Chile. Las luchas del presente, las tareas del archivorJaviera ManzitContra el extractivismo de archivo: la experiencia del Anarchivo sidarAimar Arriola (con aportaciones de Nancy Garín y Linda Valdés)tDesplegar / emplazar / espacializartLa carcajada de Borges. Contextualización, descontextualización y documentación de artistas en los archivosrMarvin J. TaylortReflexiones sobre el proyecto Arte vs Vida: Actions by Artists of the Americas, 1960-2000rDeborah Cullen tLos archivos salen del clóset. De la memoria individual a la activación de la memoria colectiva rAlejandro García AguinacotLa forma simbólica del archivorVoluspa Jarpa tLa vida de los otros. Museos paralelos y nuevas formas institucionalesrPaz Sastret(i)legalidades del documentotArchivos y derechos humanos rRamón AguileratDerechos de autor de los archivos documentales rAngelina Cué tDe los afectos y los vacíosrAntonio JuáreztColaboradorestAgradecimientos xarchivos - artexarte - latinoamericaxarchivos - arte contemporáneoxarchivos digitalesxarchivos - artistas - documentaciónxarchivos - derechos97141 c1831d1831 00102ddc4070aLVbLVcPensamientod2019-08-17l0o708 C317dp004820r2019-08-17 00:00:00w2019-08-17y01